| 000 | 01081nam a2200241Ia 4500 | ||
|---|---|---|---|
| 999 |
_c44996 _d44996 |
||
| 001 | 11817 | ||
| 003 | GE_BSU | ||
| 005 | 20240625105538.0 | ||
| 008 | 181216s2014||||ge |||||||||||||| ||geo|| | ||
| 020 | _a978-9941-9373-0-9 | ||
| 040 | _cGE_BSU | ||
| 041 | _ageo | ||
| 080 | _a821.133.1-31+ 821.133.1.03=353.1 დ–55 | ||
| 100 |
_aდიუგენი, მარკ _922566 |
||
| 245 |
_aოფიცერთა პალატა : _b[რომანი] / _cმარკ დიუგენი ; ფრანგ. თარგმნა ცისანა ბიბილეიშვილმა ; რედ. თამარ გელოვანი. |
||
| 264 |
_aთბილისი : _bუსტარი, _c2014. |
||
| 300 |
_a128 გვ. ; _c19 სმ. |
||
| 653 | _aოფიცერთა პალატა | ||
| 653 | _aრომანი | ||
| 700 |
_aბიბილეიშვილი, ცისანა _eმთარგმნელი _922568 |
||
| 700 |
_aგელოვანი, თამარ _eრედაქტორი _97142 |
||
| 942 |
_cBK _2udc |
||